| 000 | 00354nam a2200145Ia 4500 | ||
|---|---|---|---|
| 008 | 221030s9999 xx 000 0 und d | ||
| 020 | _a8123904533 | ||
| 041 | _aEnglish | ||
| 100 | _aN. W. Gokhale | ||
| 245 | 0 |
_aTheory of Structural Geology _cby N. W. Gokhale |
|
| 260 |
_bCBS Pub _aNew Delhi _c2012 |
||
| 300 | _a224 | ||
| 650 | _aCivil | ||
| 942 | _cBK | ||
| 999 |
_c14964 _d14964 |
||